Riadenie kvality znaleckej činnosti

Úlohy subjektov v procese ohodnocovania. Znalecká tímová práca. Kvalita práce znaleckého tímu. Kvalita informácií v znaleckej činnosti. Riešenia pre analytickú a znaleckú prax.

Gespeichert in:
Bibliographische Detailangaben
1. Verfasser: Džupinka, Miroslav
Format: Buchkapitel
Sprache:Slowakisch
Schlagworte:
Tags: Tag hinzufügen
Keine Tags, Fügen Sie das erste Tag hinzu!

MARC

LEADER 00000nla a2200000 4500
001 0246540
005 20210325104104.3
041 0 |a slo 
044 |a SK 
245 1 0 |a Riadenie kvality znaleckej činnosti  |c Miroslav Džupinka 
520 |a Úlohy subjektov v procese ohodnocovania. Znalecká tímová práca. Kvalita práce znaleckého tímu. Kvalita informácií v znaleckej činnosti. Riešenia pre analytickú a znaleckú prax. 
610 2 0 |a znalectvo 
610 2 0 |a znalci 
610 2 0 |a informácie 
610 2 0 |a ohodnocovanie 
610 2 0 |a riadenie kvality 
610 2 0 |a práca tímová 
100 1 |a Džupinka, Miroslav